| 000 | 00923nam a2200241 i 4500 | ||
|---|---|---|---|
| 001 | 92749 | ||
| 003 | ES-MaACL | ||
| 005 | 20251017120759.0 | ||
| 007 | t| | ||
| 008 | 050428s1913 sp |||| | spa d | ||
| 080 | _a75 Goes, Hugo van der | ||
| 100 | 1 |
_aOneca, Niceto. _987063 |
|
| 245 | 1 | 3 |
_aEl cuadro de Van der Goes _b: conferencia documentada leída en el Ateneo de Madrid el día 3 de abril de 1913 / _cpor Niceto Oneca. |
| 260 |
_aMadrid : _bLa España Moderna, _c[1913] |
||
| 300 |
_a39 p. ; _c23 cm. |
||
| 530 | _aDisponible en formato digital. | ||
| 600 | 1 | 7 |
_aGoes, Hugo van der, _dca. 1435-1482 _2 _9166020 |
| 610 | 2 | 4 |
_aAteneo de Madrid- _vConferencias- _y1900-1939 _91907 |
| 852 |
_aES-MaACL _j2187-F-20 _cDEPOF _zRevisado enlace: 23 de Abril de 2025 |
||
| 856 |
_uhttp://bdh-rd.bne.es/viewer.vm?id=0000190952&page=1 _yBiblioteca Digital Hispánica |
||
| 942 | _2udc | ||
| 999 |
_c92749 _d92749 |
||